Environmental protection: abatement notice (Record no. 63363)
[ view plain ]
| 000 -LEADER | |
|---|---|
| fixed length control field | 01056cam a2200205 4500 |
| 001 - CONTROL NUMBER | |
| control field | X105816 |
| 008 - FIXED-LENGTH DATA ELEMENTS--GENERAL INFORMATION | |
| fixed length control field | 000000n2000 000 0 eng u |
| 035 ## - SYSTEM CONTROL NUMBER | |
| System control number | (Sirsi) u105816 |
| 245 ## - TITLE STATEMENT | |
| Title | Environmental protection: abatement notice |
| 260 ## - PUBLICATION, DISTRIBUTION, ETC. | |
| Date of publication, distribution, etc. | 2000 |
| 490 ## - SERIES STATEMENT | |
| Series statement | Estates Gazette Case Summaries |
| Volume/sequential designation | [2000] EGCS 50(2) |
| 520 ## - SUMMARY, ETC. | |
| Summary, etc. | CA 30 March 2000. "Falmouth and Truro Port Health Authority v South West Water Ltd". The health authority received complaints about the respondent's sewage scheme and served an abatement notice. There was an application for a judicial review of the health authority's decision to serve the notice and a question as to whether the abatement notice was valid. The application was allowed and the authority appealed. "Held" appeal dismissed. |
| 650 ## - SUBJECT ADDED ENTRY--TOPICAL TERM | |
| Topical term or geographic name entry element | ENVIRONMENTAL PROTECTION |
| 650 ## - SUBJECT ADDED ENTRY--TOPICAL TERM | |
| Topical term or geographic name entry element | ABATEMENT NOTICE |
| 650 ## - SUBJECT ADDED ENTRY--TOPICAL TERM | |
| Topical term or geographic name entry element | WATER INDUSTRY ACT 1991 |
| 650 ## - SUBJECT ADDED ENTRY--TOPICAL TERM | |
| Topical term or geographic name entry element | SEWAGE DRAINAGE |
| 650 ## - SUBJECT ADDED ENTRY--TOPICAL TERM | |
| Topical term or geographic name entry element | FALMOUTH AND TRURO PORT HEALTH AUTHORITY V SOUTH WEST WATER LTD |
| 690 ## - LOCAL SUBJECT ADDED ENTRY--TOPICAL TERM (OCLC, RLIN) | |
| Topical term or geographic name as entry element | ENVIRONMENTAL AND LAND CONSULTANCY |
| 942 ## - ADDED ENTRY ELEMENTS (KOHA) | |
| Suppress in OPAC | 0 |
| Withdrawn status | Lost status | Source of classification or shelving scheme | Damaged status | Not for loan | Home library | Current library | Shelving location | Date acquired | Total Checkouts | Full call number | Barcode | Date last seen | Copy number | Price effective from | Koha item type |
|---|---|---|---|---|---|---|---|---|---|---|---|---|---|---|---|
| Dewey Decimal Classification | London | London | News article | 04/05/2000 | X105816 | 105816-1001 | 06/08/2019 | 1 | 06/08/2019 | News article |